000 01215nac a22003617a 4500
001 BR2014001402
003 BR-BrBNA
005 20240105124010.0
008 230509b bl.|||m| |||| 00| 0 por d
040 _aBR-BrBNA
_bpor
_cBiblioteca Nacional de Agricultura
072 _aM12; E70
090 _a8150 BR2014001402
100 1 _aBarni, E.J.
100 1 _aAmaral Junior, H.
100 1 _aMello, G.L. de
100 1 _aSilva, M.C.
100 1 _aCerquei, V.R.
100 1 _aGarcia, S.
110 1 _aEmpresa de Pesquisa Agropecuária e Extensão Rural de Santa Catarina, Florianópolis (Brasil)
245 1 _aProspecção de mercado para o robalo de cultivo em municípios litorâneos de Santa Catarina
260 3 _aFlorianópolis, SC (Brasil):
_c2013.
300 _a55 p.
490 _aDocumentos - Empresa de Pesquisa Agropecuária e Extensão Rural de Santa Catarina (Brazil)
_vno. 243
_xISSN 0100-8986
500 _a24 tables; 8 ref.
650 _aROBALO
650 _aPEIXE MARINHO
650 _aMERCADO NACIONAL
650 _aCONSUMIDOR
650 _aCOMERCIALIZAÇÃO
650 _aPRODUÇÃO PESQUEIRA
909 _a202312
_bLúcia Elande
_c55
_dLúcia Elande
942 _2AGRIS
_n0
_cMS
999 _c297915
_d297915